|
|
|
|
| LEADER |
00000nam0a2200000 4500 |
| 001 |
149291 |
| 005 |
20231101221419.0 |
| 010 |
|
|
|a 5020067520
|
| 035 |
|
|
|a (RuTPU)RU\TPU\book\161846
|
| 090 |
|
|
|a 149291
|
| 100 |
|
|
|a 20081215d1991 k y0rusy50 ca
|
| 101 |
0 |
|
|a rus
|
| 102 |
|
|
|a RU
|
| 105 |
|
|
|a a z 001zy
|
| 200 |
1 |
|
|a Контактные задачи механики растущих тел
|f Н. Х. Арутюнян, А. В. Манжиров, В. Э. Наумов
|g Академия наук СССР (АН СССР), Институт проблем механики (ИПМех); под ред. И. И. Воровича
|
| 210 |
|
|
|a Москва
|c Наука
|d 1991
|
| 215 |
|
|
|a 176 с.
|c ил.
|
| 320 |
|
|
|a Библиогр.: с. 168-171.
|
| 606 |
|
|
|a Механика деформируемых тел
|x (сопротивление материалов)
|2 stltpush
|3 (RuTPU)RU\TPU\subj\43566
|9 63053
|
| 610 |
1 |
|
|a механика
|
| 610 |
1 |
|
|a растущие тела
|
| 610 |
1 |
|
|a математические модели
|
| 610 |
1 |
|
|a задачи
|
| 610 |
1 |
|
|a решение
|
| 675 |
|
|
|a 539.37
|v 3
|
| 700 |
|
1 |
|a Арутюнян
|b Н. Х.
|g Нагуш Хачатурович
|
| 701 |
|
1 |
|a Манжиров
|b А. В.
|g Александр Владимирович
|
| 701 |
|
1 |
|a Наумов
|b В. Э.
|g Вячеслав Энгельсович
|
| 702 |
|
1 |
|a Ворович
|b И. И.
|4 340
|
| 712 |
0 |
2 |
|a Академия наук СССР (АН СССР)
|b Институт проблем механики (ИПМех)
|c (Москва)
|2 stltpush
|3 (RuTPU)RU\TPU\col\11549
|
| 801 |
|
1 |
|a RU
|b 63413507
|c 20081215
|g PSBO
|
| 801 |
|
2 |
|a RU
|b 63413507
|c 20180125
|g PSBO
|
| 942 |
|
|
|c BK
|